000
00313nam a2200109Ia 4500
008
171211s9999 xx 000 0 und d
245
_a
150 Masterpieces of Drawing
245
_c
Anthony Toney
260
_c
1963
650
_x
Drawing
856
_u
http://down.ebook777.com/001/150%20Masterpieces%20of%20Drawing.epub
999
_c
348057
_d
348057